Electronic devices and circuits Ed 5 (Record no. 240534)
[ view plain ]
| 000 -LEADER | |
|---|---|
| fixed length control field | 02017nam a22002537a 4500 |
| 005 - DATE AND TIME OF LATEST TRANSACTION | |
| control field | 20251013113222.0 |
| 008 - FIXED-LENGTH DATA ELEMENTS--GENERAL INFORMATION | |
| fixed length control field | 251013b |||||||| |||| 00| 0 eng d |
| 020 ## - INTERNATIONAL STANDARD BOOK NUMBER | |
| International Standard Book Number | 9780195693409 |
| 040 ## - CATALOGING SOURCE | |
| Transcribing agency | AL |
| 041 ## - LANGUAGE CODE | |
| Language code of text/sound track or separate title | eng |
| 082 ## - DEWEY DECIMAL CLASSIFICATION NUMBER | |
| Classification number | 621.3815 |
| Item number | BELE |
| 100 ## - MAIN ENTRY--PERSONAL NAME | |
| Personal name | David A Bell |
| 100 ## - MAIN ENTRY--PERSONAL NAME | |
| 9 (RLIN) | 242107 |
| 245 ## - TITLE STATEMENT | |
| Title | Electronic devices and circuits Ed 5 |
| 250 ## - EDITION STATEMENT | |
| Edition statement | 5 |
| 260 ## - PUBLICATION, DISTRIBUTION, ETC. | |
| Place of publication, distribution, etc. | New Delhi |
| Name of publisher, distributor, etc. | Oxford University Press |
| Date of publication, distribution, etc. | New Delhi |
| 300 ## - PHYSICAL DESCRIPTION | |
| Extent | xx,1072p. |
| Other physical details | PB |
| Dimensions | 24x16cm |
| 365 ## - TRADE PRICE | |
| Source of price type code | Engineering |
| Price type code | ABDI/0818/25 |
| Price amount | 746.25 |
| Currency code | ₹ |
| Unit of pricing | 995.00 |
| Price note | 25% |
| Price effective from | 03-10-2025 |
| 520 ## - SUMMARY, ETC. | |
| Summary, etc. | The book provides lucid explanations of the operation of all important electronic devices generally available today. Beginning with basic semiconductor and pn junction theory, it explains how each device operates, discusses the characteristics and parameters of each device, and presents appropriate circuit applications. It also explains circuit design and analysis methods using the currently available devices and standard-value components.<br/><br/>The fifth edition of Electronic Devices and Circuits is designed for undergraduate engineering courses of electrical and electronics, instrumentation and control, and electronics and instrumentation. Earlier editions of this popular book already feature as one of the main recommended textbooks in several courses related to electronic devices and circuits of some of the major universities throughout the world. This edition offers a more complete coverage of the syllabuses of various universities throughout the world, including those in India. Apart from a new chapter on active filters, this edition also covers BJT switching time improvements, the 555 timer as a pulse generator, circuit testing and troubleshooting methods, RC and LC supply filters, tuned circuit amplifiers, class C amplifiers, the photomultiplier tube, and the laser diode. |
| 650 ## - SUBJECT ADDED ENTRY--TOPICAL TERM | |
| Topical term or geographic name entry element | Semiconductor Diodes |
| 9 (RLIN) | 242103 |
| 650 ## - SUBJECT ADDED ENTRY--TOPICAL TERM | |
| Topical term or geographic name entry element | BJT Biasing |
| 9 (RLIN) | 242104 |
| 650 ## - SUBJECT ADDED ENTRY--TOPICAL TERM | |
| Topical term or geographic name entry element | FET Biasing |
| 9 (RLIN) | 242105 |
| 650 ## - SUBJECT ADDED ENTRY--TOPICAL TERM | |
| Topical term or geographic name entry element | Thyristors |
| 9 (RLIN) | 242106 |
| 942 ## - ADDED ENTRY ELEMENTS (KOHA) | |
| Source of classification or shelving scheme | Dewey Decimal Classification |
| Koha item type | Book |
| Withdrawn status | Lost status | Source of classification or shelving scheme | Damaged status | Not for loan | Collection code | Home library | Current library | Date acquired | Source of acquisition | Cost, normal purchase price | Total Checkouts | Full call number | Barcode | Date last seen | Cost, replacement price | Price effective from | Koha item type | Date last checked out |
|---|---|---|---|---|---|---|---|---|---|---|---|---|---|---|---|---|---|---|
| Dewey Decimal Classification | Electronics and Communication Engineering | St Aloysius Engineering Library | St Aloysius Engineering Library | 10/03/2025 | Academic Book Distributors, Bengaluru-562159 | 746.25 | 621.3815 BELE | SE000043 | 10/13/2025 | 995.00 | 10/13/2025 | Book | ||||||
| Dewey Decimal Classification | Electronics and Communication Engineering | St Aloysius Engineering Library | St Aloysius Engineering Library | 10/03/2025 | Academic Book Distributors, Bengaluru-562159 | 746.25 | 1 | 621.3815 BELE | SE000044 | 12/09/2025 | 995.00 | 10/13/2025 | Book | 12/08/2025 | ||||
| Dewey Decimal Classification | Electronics and Communication Engineering | St Aloysius Engineering Library | St Aloysius Engineering Library | 10/03/2025 | Academic Book Distributors, Bengaluru-562159 | 746.25 | 621.3815 BELE | SE000045 | 10/13/2025 | 995.00 | 10/13/2025 | Book | ||||||
| Dewey Decimal Classification | Electronics and Communication Engineering | St Aloysius Engineering Library | St Aloysius Engineering Library | 10/03/2025 | Academic Book Distributors, Bengaluru-562159 | 746.25 | 1 | 621.3815 BELE | SE000046 | 11/12/2025 | 995.00 | 10/13/2025 | Book | 10/27/2025 | ||||
| Dewey Decimal Classification | Electronics and Communication Engineering | St Aloysius Engineering Library | St Aloysius Engineering Library | 10/03/2025 | Academic Book Distributors, Bengaluru-562159 | 746.25 | 2 | 621.3815 BELE | SE000047 | 12/13/2025 | 995.00 | 10/13/2025 | Book | 12/08/2025 |